00724 a2200217 4500001000700000020001800007040002200025041001600047082002100063100004100084245008200125250001100207260003000218300000800248362001300256490005100269697005800320942000700378952010200385999001900487137776 a9788583370833 cLeonardo Da Vinci aPortuguês a519.2 A532bA532 aMORGADO, Augusto César... [et al.] aAnálise combinatória e probabilidade com as soluções dos exercícios a10. ed bSBMc2016aRio de Janeiro a326 a20160000 aColeção do Professor de Matemática, v. 2 aMatemáticaaAnálise combinatóriaaProbabilidade cBK 00104070a72.1b72.1d2024-03-27l0o519.2 A532pA00805LVAr2024-03-27 22:38:14w2024-03-27yBK c137776d137776